World health statistics annual 1983
Salvato in:
| Natura: | Libro |
|---|---|
| Lingua: | inglese |
| Pubblicazione: |
Genéve
World Health Organization
1983
|
| Tags: |
Nessun Tag, puoi essere il primo ad aggiungerne!!
|
MARC
| LEADER | 00000nam a2200000 4500 | ||
|---|---|---|---|
| 001 | c114730 | ||
| 005 | 20041019155159.4 | ||
| 041 | 0 | |a eng | |
| 044 | |a CH | ||
| 245 | 1 | 0 | |a World health statistics annual 1983 |
| 264 | 1 | |a Genéve |b World Health Organization |c 1983 | |
| 300 | |a 807 s. | ||